La fiera, el rayo y la piedra / (Registro nro. 8776)

Detalles MARC
000 -LIDER
fixed length control field 01077nam a2200313 4500
001 - NÚMERO DE CONTROL
Identificador de número de control 94155
003 - IDENTIFICACDOR DE NÚMERO DE CONTROL
control field DO-SdBNP
005 - DATE AND TIME OF LATEST TRANSACTION
control field 20230517121526.0
007 - CAMPOS FIJOS DE DESCRIPCIÓN FÍSICA
fixed length control field 94155
008 - ELEMENTOS DE LONGITUD FIJA
fixed length control field 910617s1989 sp spa
020 ## - ISBN
International Standard Book Number 8437608120
040 ## - FUENTE DE CATALOGACIÓN
Agencia que crea de manera original el registro BPMSU
Idioma de catalogación spa
Agencia que realiza la transcripción BPMSU
082 #4 - NÚMERO DE CLASIFICACIÓN DECIMAL DE DEWEY
Classification number 862.3
Item number C146f 1989
Edition number 22
100 1# - ASIENTO PRINCIPAL -- NOMBRE PERSONAL
Nombre personal Calderón de la Barca, Pedro
Fechas asociadas con el nombre 1600-1681
245 13 - MENCIÓN DE TITULO
Título La fiera, el rayo y la piedra /
Mención de responsabilidad Pedro Calderón de la Barca ; edición de Aurora Egido
260 ## - PUBLICACIÓN, DISTRIBUCIÓN, ETC. (PIE DE IMPRENTA)
Lugar de publicación, distribución, etc Madrid :
Nombre del editor, distribuidor, etc. Cátedra,
Fecha de publicación, distribución, etc 1989
300 ## - DESCRIPCIÓN FÍSICA
Extensión 404 p. ;
Otros detalles físicos il. :
Dimensiones 20 cm.
490 0# - MENCIÓN DE SERIES
Mención de serie Letras hispánicas
Volume/sequential designation 299
500 ## - NOTA GENERAL
Nota general Incluye referencias bibliográficas y notas a pie de página.
504 ## - NOTA DE BIBLIOGRAFÍA, ETC.
Bibliography, etc Bibliografía: p. 125-127
590 ## - NOTA LOCAL
Texto de la nota local Inventariado, 2023/VM
600 14 - ENCABEZAMIENTO DE MATERIA--NOMBRE PERSONAL
Nombre personal Calderón de la Barca, Pedro,
Fechas asociadas con el nombre 1600-1681
Subdivisión temática general Crítica e interpretación
650 #4 - ENCABEZAMIENTO DE MATERIA--TEMÁTICO
Término temático o nombre geográfico como elemento de entrada Comedia española
Subdivisión temática general historia y crítica
650 #4 - ENCABEZAMIENTO DE MATERIA--TEMÁTICO
Término temático o nombre geográfico como elemento de entrada Teatro español
Subdivisión temática general Historia y crítica
650 #4 - ENCABEZAMIENTO DE MATERIA--TEMÁTICO
Término temático o nombre geográfico como elemento de entrada Comedia española
Subdivisión cronológica Siglo XVII
700 1# - ASIENTO SECUNDARIO -- NOMBRE PERSONAL
Nombre personal Egido, Aurora
Mención de responsabilidad ed.
910 ## - VALIDACIÓN
Validación VMateo V. Control de calidad (BPMSU)
942 ## - ADDED ENTRY ELEMENTS (KOHA)
Source of classification or shelving scheme Dewey Decimal Classification
Koha item type Libros
Existencias
Withdrawn status Lost status Source of classification or shelving scheme Damaged status Not for loan Collection code Home library Current library Date acquired Source of acquisition Full call number Barcode Date last seen Price effective from Koha item type Copy number
    Dewey Decimal Classification     Colección General Biblioteca Pública Metropolitana Salomé Ureña Biblioteca Pública Metropolitana Salomé Ureña 11/18/2015 FUNDI BPMSU CG 862.3 C146f 1989 BPMSU15110343 11/18/2015 11/18/2015 Libros  
    Dewey Decimal Classification     Colección General Biblioteca Pública Metropolitana Salomé Ureña Biblioteca Pública Metropolitana Salomé Ureña 11/18/2015 FUNDI BPMSU CG 862.3 C146f 1989 BPMSU15110344 11/18/2015 11/18/2015 Libros e.2